000 00267nam a2200109Ia 4500
008 240731s9999 xx 000 0 und d
245 4 _aThe Philosophy Forum
260 _bRoutledge
856 _uhttps://www.tandfonline.com/loi/gwof19
942 _2ddc
942 _cTFEJ
999 _c80056
_d80056
945 _a1
_bMadushi Gamage
_c1
_dMadushi Gamage